| 000 | 00415nam a2200145Ia 4500 | ||
|---|---|---|---|
| 008 | 220216s9999 xx 000 0 und d | ||
| 100 | _aGraf H J | ||
| 245 | 0 | _aAccelerator systems for injection moulding compounds | |
| 260 |
_bInternational Polymer Science and Technology _c1996 |
||
| 300 | _a13-Jul | ||
| 650 | _aAccelerator systems | ||
| 650 | _aInjection moulding compound | ||
| 700 | _aKnorr K | ||
| 942 | _cJS | ||
| 999 |
_c53735 _d53735 |
||